Vista normal
Vista MARC
- Programa Regional de Apoyo a las Defensorías del Pueblo de Iberoamérica
Entrada Nombre corporativo
Número de registros utilizados en: 1
001 - NÚMERO DE CONTROL
- campo de control: 2183
003 - IDENTIFICADOR DEL NÚMERO DE CONTROL
- campo de control: ES-MaFIAP
005 - FECHA Y HORA DE LA ÚLTIMA TRANSACCIÓN
- campo de control: 20231218093339.0
008 - DATOS DE LONGITUD FIJA
- campo de control de longitud fija: 231218|| aca||aabn | a|a d
040 ## - FUENTE DE LA CATALOGACIÓN
- Centro catalogador/agencia de origen: ES-MaFIAP
- Centro/agencia transcriptor: ES-MaFIAP
110 ## - ENCABEZAMIENTO-NOMBRE DE ENTIDAD CORPORATIVA
- Nombre de entidad corporativa o nombre de jurisdicción como elemento de entrada: Programa Regional de Apoyo a las Defensorías del Pueblo de Iberoamérica
- Unidad subordinada: Congreso Internacional
- Número del congreso/reunión o número de parte o sección: (3º.
- Fecha del congreso o de la firma del tratado: 2015.
- Sede del congreso/Lugar de la reunión: Alcalá de Henares)
670 ## - FUENTE DE DATOS ENCONTRADOS
- Cita de la fuente: Work cat.: (ES-MaFIAP)843: Programa Regional de Apoyo a las Defensorías del Pueblo de Iberoamérica Congreso Internacional (3º. 2015. Alcalá de Henares) autor aut, Ombudsman y colectivos en situación de vulnerabilidad :





